00567nam a2200157Ia 4500008004100000082001700041100001600058245004100074260003100115300001000146630001800156650009500174942000900269952011400278999001700392211109s9999||||xx |||||||||||||| ||und|| a880.2bLAL-S aLall, Ramji 0aSophocles Antigone: A Critical Study bRama BrothersaIndiac1994 a159p. xGeneral stack aAntigone (Mythological character)vGreek drama (Tragedy)xSophoclesMythology, GreekEnglish cBOOK 00104070aSBCLbSBCLc2d2021-11-09g32.00l0o880.2 LAL-Sp00090675r2021-11-09 00:00:00w2021-11-09yBOOK c48562d48562